| 000 | 00475cam a2200193 4500 | ||
|---|---|---|---|
| 001 | D6787 | ||
| 008 | 090401t1979 xxu||||| |||| 00| 0 eng d | ||
| 035 | _a(Sirsi) u94127 | ||
| 041 | _aeng | ||
| 050 | _a690.24 | ||
| 100 | _aLuke, R. | ||
| 245 | _aForecasting maintenance budgets | ||
| 260 |
_aAscot, Berkshire _bInstitute of Building _c1979 |
||
| 300 | _a11p. 30cm | ||
| 350 | _a0 | ||
| 490 |
_aMaintenance Information Service _v9 |
||
| 942 | _n0 | ||
| 948 | _c04/03/1997 | ||
| 999 |
_c97908 _d97908 |
||